000
00315nam a2200133Ia 4500
005
20251222155212.0
008
251222s9999||||xx |||||||||||||| ||spa||
082
_a
ETI.231
100
_a
Osvaldo Cuadro Moreno
245
0
_a
¿Por qué estoy enfermo?
250
_a
6ta. ed.
264
_b
Fisac Homini
942
_c
LIB
999
_c
40323
_d
40323